| 000 | 00534nam a2200217Ia 4500 | ||
|---|---|---|---|
| 003 | OSt | ||
| 005 | 20220928141749.0 | ||
| 006 | a|||||r|||| 00| 0 | ||
| 007 | ta | ||
| 008 | 220927b |||||||| |||| 00| 0 eng d | ||
| 024 | _a17514 | ||
| 037 | _cTextual | ||
| 040 |
_aSDCL _cSDCL _beng |
||
| 041 |
_2eng _aeng |
||
| 082 | _aV1:51'N39, L9 | ||
| 100 |
_aMulhern Francis _9490558 |
||
| 245 | 0 | _aMoment of Scrutiny | |
| 260 | _c1979 | ||
| 942 |
_hV1:51'N39, L9 _cTEXL _2CC |
||
| 999 |
_c819835 _d819835 |
||